000 00542nam a2200229Ia 4500
003 OSt
005 20221005115611.0
006 a|||||r|||| 00| 0
007 ta
008 221004b |||||||| |||| 00| 0 tam d
024 _a49101
037 _cTextual
040 _aCRL
_cCRL
_btam
041 _2tam
_atam
082 _aO31,3x, J5
100 _aRajam Au.
_9624876
245 0 _aChirpi mayan
260 _c1955
650 _aTAMIL FICTION
942 _hO31,3x, J5
_cTEXL
_2cc
999 _c1035337
_d1035337